[Event "Madrid San Viator op-A 30th"]
[Site "Madrid"]
[Date "2018.05.20"]
[Round "6"]
[White "Martinez Belen, Alejandro"]
[Black "Rojo Jorge, Luis"]
[Result "0-1"]
[WhiteElo "1828"]
[BlackElo "1654"]
[PlyCount "122"]
[EventDate "2018.04.08"]
[EventType "swiss"]
[EventRounds "9"]
[EventCountry "ESP"]
[SourceTitle "EXT 2019"]
[Source "ChessBase"]
[SourceDate "2018.10.10"]
[SourceVersion "1"]
[SourceVersionDate "2018.10.10"]
[SourceQuality "1"]

1. d4 Nf6 2. c4 g6 3. Nc3 d5 4. Nf3 Bg7 5. Qb3 dxc4 6. Qxc4 Be6 7. Qb5+ Bd7 8. Qxb7 Bc6 9. Qb4 0-0 10. Bg5 Bxf3 11. gxf3 Nc6 12. Qa4 Qd7 13. e3 Rab8 14. Bb5 Rb6 15. Rd1 a6 16. Bxc6 Qxc6 17. Qxc6 Rxc6 18. e4 e6 19. Be3 Rb8 20. Rd2 Bf8 21. Ke2 Bb4 22. Rc1 Ba5 23. Rdc2 Nd7 24. d5 exd5 25. Nxd5 Rxc2+ 26. Rxc2 Nf8 27. Bd4 Ne6 28. Bc3 Bxc3 29. bxc3 Rb1 30. e5 Rh1 31. Rb2 Rxh2 32. Rb8+ Kg7 33. Nf6 Rh4 34. Rg8+ Kh6 35. Rh8 Kg7 36. Rg8+ Kh6 37. Ng4+ Kg5 38. Ra8 h5 39. Nf6 Ra4 40. Ne4+ Kf4 41. Rb8 Rxa2+ 42. Nd2 Kxe5 43. Rb4 Nf4+ 44. Kd1 Ne6 45. Re4+ Kf5 46. Ke1 Ra1+ 47. Ke2 Nf4+ 48. Ke3 Re1+ 49. Kd4 Rxe4+ 50. fxe4+ Kg4 51. Ke3 h4 52. f3+ Kg3 53. Kd4 Kg2 54. Nc4 h3 55. Ne3+ Kxf3 56. Nf1 g5 57. Ke5 g4 58. Kf5 a5 59. Nh2+ Kg3 60. Nf1+ Kf2 61. Nh2 g3 0-1

[Event "Madrid San Viator op-A 30th"]
[Site "Madrid"]
[Date "2018.04.15"]
[Round "2"]
[White "Martinez Belen, Alejandro"]
[Black "Conchillo Roman, Jose Ignacio"]
[Result "0-1"]
[WhiteElo "1828"]
[BlackElo "1553"]
[PlyCount "50"]
[EventDate "2018.04.08"]
[EventType "swiss"]
[EventRounds "9"]
[EventCountry "ESP"]
[SourceTitle "EXT 2019"]
[Source "ChessBase"]
[SourceDate "2018.10.10"]
[SourceVersion "1"]
[SourceVersionDate "2018.10.10"]
[SourceQuality "1"]

1. d4 Nf6 2. c4 g6 3. Nf3 Bg7 4. g3 c5 5. Bg2 cxd4 6. Nxd4 Nc6 7. Nc3 0-0 8. Nxc6 bxc6 9. Qc2 a6 10. 0-0 Qc7 11. h3 d6 12. Rd1 Bb7 13. e4 c5 14. Nd5 Nxd5 15. exd5 e5 16. dxe6 Bxg2 17. exf7+ Qxf7 18. Kxg2 Qf3+ 19. Kg1 Bd4 20. Rxd4 cxd4 21. Bf4 Rae8 22. Rd1 Re2 23. Qxe2 Qxe2 24. Rd2 Qe1+ 25. Kg2 Rxf4 0-1

[Event "Collado Villalba op-B 29th"]
[Site "Collado Villalba"]
[Date "2012.08.30"]
[Round "7"]
[White "De Dompablo Fantova, Juan"]
[Black "Martinez Belen, Alejandro"]
[Result "0-1"]
[WhiteElo "1669"]
[BlackElo "1779"]
[PlyCount "96"]
[EventDate "2012.08.24"]
[EventType "swiss"]
[EventRounds "9"]
[EventCountry "ESP"]
[SourceTitle "CBM 150 Extra"]
[Source "ChessBase"]
[SourceDate "2012.10.19"]
[SourceVersion "1"]
[SourceVersionDate "2012.10.19"]
[SourceQuality "1"]

1. e4 d5 2. exd5 Qxd5 3. Nc3 Qd8 4. d4 Nf6 5. Nf3 c6 6. Bc4 Bf5 7. Bd2 e6 8. 0-0 Qc7 9. Ne5 Bd6 10. f4 Qb6 11. Bc1 Nbd7 12. Kh1 0-0 13. g4 Bxe5 14. fxe5 Bxg4 15. Qd2 Nd5 16. Nxd5 cxd5 17. Bd3 Qd8 18. Qg2 Bh5 19. Bh6 Bg6 20. Bxg6 fxg6 21. Bg5 Qb6 22. c3 Rf5 23. Rxf5 gxf5 24. Bh6 g6 25. h4 Kh8 26. Rg1 Rg8 27. Bg5 Qc7 28. Be7 Qc8 29. Qg5 Qe8 30. h5 Qf7 31. h6 Re8 32. Bb4 Kg8 33. Rf1 Nb6 34. b3 Nd7 35. Kg2 b6 36. a4 Rc8 37. a5 b5 38. Kg3 Nb8 39. Bd6 Rxc3+ 40. Kf4 Rc8 41. b4 Nd7 42. Rd1 a6 43. Qg1 Rc4 44. Rc1 Qe8 45. Rxc4 dxc4 46. Qg2 Qd8 47. Qc6 Qh4+ 48. Kf3 Qh1+ 0-1

[Event "Collado Villalba op-B 29th"]
[Site "Collado Villalba"]
[Date "2012.08.28"]
[Round "5"]
[White "Tirado Parra, Alberto"]
[Black "Martinez Belen, Alejandro"]
[Result "1-0"]
[WhiteElo "1929"]
[BlackElo "1779"]
[PlyCount "89"]
[EventDate "2012.08.24"]
[EventType "swiss"]
[EventRounds "9"]
[EventCountry "ESP"]
[SourceTitle "CBM 150 Extra"]
[Source "ChessBase"]
[SourceDate "2012.10.19"]
[SourceVersion "1"]
[SourceVersionDate "2012.10.19"]
[SourceQuality "1"]

1. e4 d5 2. exd5 Qxd5 3. d4 Nf6 4. Nf3 Bg4 5. Be2 e6 6. 0-0 Be7 7. c4 Qd8 8. Nc3 c6 9. Be3 Nbd7 10. Qc2 Bf5 11. Bd3 Bxd3 12. Qxd3 0-0 13. Rfd1 Nb6 14. Ne5 Nfd7 15. Qe2 Nxe5 16. dxe5 Qc7 17. Bf4 Rfd8 18. Ne4 Rxd1+ 19. Rxd1 Rd8 20. b3 Nc8 21. c5 Rd5 22. b4 a5 23. bxa5 Qxa5 24. Rxd5 cxd5 25. Nd6 Qxc5 26. Nxb7 Qc7 27. Qb5 Kf8 28. a4 Qb6 29. Qxb6 Nxb6 30. a5 Na8 31. Nd6 Bxd6 32. exd6 Ke8 33. Be3 Kd7 34. Bc5 f5 35. f4 h6 36. h4 Kc6 37. Kf2 h5 38. Ke3 Kd7 39. Kd4 Ke8 40. Ke5 Kd7 41. g3 g6 42. Bd4 g5 43. hxg5 h4 44. gxh4 Nb6 45. axb6 1-0

[Event "Collado Villalba op-B 29th"]
[Site "Collado Villalba"]
[Date "2012.08.26"]
[Round "3"]
[White "Martinez Belen, Alejandro"]
[Black "Dominguez Coig, Alvaro"]
[Result "1-0"]
[WhiteElo "1779"]
[BlackElo "1689"]
[PlyCount "87"]
[EventDate "2012.08.24"]
[EventType "swiss"]
[EventRounds "9"]
[EventCountry "ESP"]
[SourceTitle "CBM 150 Extra"]
[Source "ChessBase"]
[SourceDate "2012.10.19"]
[SourceVersion "1"]
[SourceVersionDate "2012.10.19"]
[SourceQuality "1"]

1. d4 Nf6 2. c4 e5 3. dxe5 Ng4 4. Nf3 Nc6 5. Bf4 Bb4+ 6. Nbd2 Qe7 7. e3 Ngxe5 8. Be2 d6 9. 0-0 Be6 10. b3 0-0 11. h3 Bf5 12. a3 Bc3 13. Ra2 Nd3 14. Bh2 Rfe8 15. Bxd3 Bxd3 16. Re1 Qf6 17. Kh1 Ne5 18. Bxe5 dxe5 19. Rg1 e4 20. Ne1 Qxf2 21. Nxe4 Qxe3 22. Nxc3 Bxc4 23. bxc4 Qxc3 24. Qd3 Re3 25. Qxc3 Rxc3 26. Nf3 Rxc4 27. Rd1 b5 28. Rad2 Re8 29. Rd7 f6 30. R1d4 Rc1+ 31. Kh2 a5 32. Nd2 c5 33. R4d6 b4 34. Ra7 c4 35. Rdd7 c3 36. Ne4 Rf1 37. Rxg7+ Kh8 38. Rxh7+ Kg8 39. Rag7+ Kf8 40. Nd6 c2 41. Rf7+ Kg8 42. Rhg7+ Kh8 43. Nxe8 c1Q 44. Rf8# 1-0